| Registos Bibliográficos associados ao registo de autoridade |
|
Etiqueta de registo: 00710cam 2200241 450 001 1773512 003 http://id.bnportugal.gov.pt/bib/catbnp/1773512 010 ## $a978-989-8253-01-9 021 ## $aPT$b289712/09 100 ## $a20110302d2009 m y0pory0103 ba 101 1# $apor 102 ## $aPT 105 ## $ay z 000ay 106 ## $ar 200 1# $a As noites da viúva$fLuís Coelho$grev. Vitor da Rocha 205 ## $a1ª ed 210 #9 $aPorto$cMosaico de Palavras,$d2009 215 ## $a157 p.$d23 cm 675 ## $a821.134.3-31"19/20"$vBN$zpor$31367889 700 #1 $96$aCoelho,$bLuís$31453833 702 #1 $aRocha,$bVítor da,$f1961-$4675$3963167 801 #0 $aPT$bBN$gRPC 900 ## $aBIBNAC$d20110816 966 ## $lBN$mFGMON$sL. 108005 V.$x1 966 ## $lBN$mFGMON$sL. 108005 V.-D$x1
Etiqueta de registo: 00230nam 2200025 450 001 1990408 003 http://id.bnportugal.gov.pt/bib/catbnp/1990408 010 ## $a978-989-767-207-1 021 ## $aPT$b421577/17 100 ## $a20180516d2017 d y0pory01030103ba 101 0# $apor 102 ## $aPT 105 ## $aa j 000yy 106 ## $ar 200 1# $aPalavras 6$eportuguês, 6º ano$ecaderno de atividades$fAlexandra Almeida, Luís Coelho 210 #9 $aPorto$cAreal,$d2017 215 ## $a96 p.$cil.$d28 cm 675 ## $a811.111(075.2)$vBN$zpor$31185425 700 #1 $94$aAlmeida,$bAlexandra$31714229 701 #1 $96$aCoelho,$bLuís$4070$31453833 801 #0 $aPT$bBN$gRPC 856 41 $uhttp://rnod.bnportugal.gov.pt/ImagesBN/winlibimg.aspx?skey=&doc=1990408&img=109746&save=true 900 ## $aBIBNAC$d20180605 966 ## $lBN$mFGMON$sL. 143940 V.$x1
Etiqueta de registo: 00230nam 2200025 450 001 1990407 003 http://id.bnportugal.gov.pt/bib/catbnp/1990407 010 ## $a978-989-767-206-4 021 ## $aPT$b422746/17 100 ## $a20180516d2017 d y0pory01030103ba 101 0# $apor 102 ## $aPT 105 ## $aa j 000yy 106 ## $ar 200 1# $aPalavras 6$eportuguês, 6º ano$fAlexandra Almeida, Luís Coelho$grev. cient. Helena Carvalhão Buescu 210 #9 $aPorto$cAreal,$d2017 215 ## $a272 p..$cil.$d28 cm 675 ## $a811.111(075.2)$vBN$zpor$31185425 700 #1 $94$aAlmeida,$bAlexandra$31714229 701 #1 $96$aCoelho,$bLuís$4070$31453833 702 #1 $aBuescu,$bHelena Carvalhão,$f1956-$4695$3992466 801 #0 $aPT$bBN$gRPC 856 41 $uhttp://rnod.bnportugal.gov.pt/ImagesBN/winlibimg.aspx?skey=&doc=1990407&img=109745&save=true 966 ## $lBN$mFGMON$sL. 143913 V.$x1
Etiqueta de registo: 00230nam 2200025 450 001 2010508 003 http://id.bnportugal.gov.pt/bib/catbnp/2010508 010 ## $a978-972-8690-97-7 021 ## $aPT$b438914/18 100 ## $a20180108d2018 d y0pory01030103ba 101 0# $apor 102 ## $aPT 105 ## $aa j 000yy 106 ## $ar 200 1# $a O tesouro$eEMRC - educação moral e religiosa católica, 2º ano$emanual do aluno$fLuís Coelho... [et. al.]$gcoord. Cristina Sá Carvalho 205 ## $a5ª ed 210 #9 $aLisboa$cFundação Secretariado Nacional da Educação Cristã,$d2018 215 ## $a97 p.$cil.$d28 cm 606 ## $aCatolicismo$j[Manuais de ensino básico]$2SIPOR$3476069 675 ## $a272-47(075.2)$vBN$zpor$31305863 701 #1 $96$aCoelho,$bLuís$4070$31453833 702 #1 $aCarvalho,$bCristina Sá,$f1963-$4340$31626322 801 #0 $aPT$bBN$gRPC 856 41 $uhttp://rnod.bnportugal.gov.pt/ImagesBN/winlibimg.aspx?skey=&doc=2010508&img=119134&save=true 900 ## $aBIBNAC$d20190115 966 ## $lBN$mFGMON$sR. 30101 V.$x1
Etiqueta de registo: 00230nam 2200025 450 001 2028851 003 http://id.bnportugal.gov.pt/bib/catbnp/2028851 010 ## $a978-972-8690-97-7 021 ## $aPT$b452789/19 100 ## $a20190910d2019 d y0pory01030103ba 101 0# $apor 102 ## $aPT 105 ## $aa j 000yy 106 ## $ar 200 1# $a O tesouro$eEMRC - educação moral e religiosa católica, 2º ano$emanual do aluno$fLuís Coelho... [et. al.]$gcoord. Cristina Sá Carvalho 205 ## $a6ª ed 210 #9 $aLisboa$cFundação Secretariado Nacional da Educação Cristã,$d2019 215 ## $a97 p.$cil.$d28 cm 606 ## $aCatolicismo$j[Manuais de ensino básico]$2SIPOR$3476069 675 ## $a272-47(075.2)$vBN$zpor$31305863 701 #1 $96$aCoelho,$bLuís$4070$31453833 702 #1 $aCarvalho,$bCristina Sá,$f1963-$4340$31626322 801 #0 $aPT$bBN$gRPC 856 41 $uhttp://rnod.bnportugal.gov.pt/ImagesBN/winlibimg.aspx?skey=&doc=2028851&img=130056&save=true 900 ## $aBIBNAC$d20190925 966 ## $lBN$mFGMON$sR. 30477 V.$x1 966 ## $lBN$mFGMON$sR. 30477 V.-D$x1
|
|
|